mysqli: Table './ulib62015/stat_globaluid' is marked as crashed and should be repaired
select id from stat_globaluid where statuid='20260517142607_3342'
mysqli: Table './ulib62015/stat_globaluid' is marked as crashed and should be repaired
DELETE FROM stat_globaluid
WHERE id NOT IN (
SELECT id
FROM (
SELECT id
FROM stat_globaluid
ORDER BY id DESC
LIMIT 100
) foo
);
mysqli: Table './ulib62015/stat_globaluid' is marked as crashed and should be repaired
insert into stat_globaluid set
statuid='20260517142607_3342',
dt='1779002767',
phpself='/ULIB62015/dublinfull.php',
agent='Mozilla/5.0 AppleWebKit/537.36 (KHTML, like Gecko; compatible; ClaudeBot/1.0; +claudebot@anthropic.com)',
yea='2026',
mon='5',
dat='17',
ip='216.73.216.45'
mysqli: Table './ulib62015/stathist_viewbib_bib_type' is marked as crashed and should be repaired
insert into stathist_viewbib_bib_type set
dat='17' ,
mon='05' ,
yea='2026' ,
statuid='20260517142607_3342' ,
head='25408' ,
foot='marc' ,
dt='1779002767'
| LEADER : 01174nam 2200277 a 4500 |
| 001 25408 |
| 003 ULIB |
| 008 030417s2540 caua sb 001 0 tha |
| 020 ^a9747758458
|
| 060 04 ^aQV766^bย248 2540
|
| 245 10 ^aยาสมุนไพรสำหรับงานสาธารณสุขมูลฐาน /^cมาโนช วามานนท์, เพ็ญนภา ทรัพย์เจริญ, บรรณาธิการ
|
| 246 31 ^aยาสมุนไพร ในงานสาธารณสุขมูลฐาน
|
| 250 ^aพิมพ์ครั้งที่ 2
|
| 260 ^aกรุงเทพฯ :^bโรงพิมพ์องค์การสงเคราะห์ทหารผ่านศึก,^c2540
|
| 300 ^a133 หน้า :^bภาพประกอบ;^c21 ซม.
|
| 650 4 ^aยาสมุนไพร
|
| 650 4 ^aยาแผนโบราณ
|
| 650 4 ^aสมุนไพร^xการใช้รักษา
|
| 700 0 ^aมาโนช วามานนท์,^eบรรณาธิการ
|
| 700 0 ^aเพ็ญนภา ทรัพย์เจริญ,^eบรรณาธิการ
|
| 710 2 ^aสำนักงานคณะกรรมการการสาธารณสุขมูลฐาน
|
| 710 2 ^aสถาบันการแพทย์แผนไทย
|
| 710 2 ^aศูนย์ฝึกอบรมและพัฒนาการสาธารณสุขมูลฐานภาคเหนือ
|
| 945 ^p0^l0^i005003
|
| 945 ^p100^l0^i004659
|
| 945 ^p0^l0^i014128 |
| 999 ^alib
|
| คุณยังไม่ได้ล็อกอิน คุณสามารถมีกิจกรรมร่วมกับเว็บไซต์ได้ แต่ต้องล็อกอินก่อน :: |
|
|
|
| ลำดับที่ |
ประเภท |
เลขเรียก/บาร์โค้ด |
สถานที่ |
สถานะ |
| 1. |
 หนังสือ | QV766 ย248 2540 ฉ.1 Barcode: 004659 | หนังสือทั่วไป | บนชั้น ขอยืม |
| 2. |
 หนังสือ สถานะ=หาย | QV766 ย248 2540 ฉ.2 Barcode: 005003 | หนังสือทั่วไป | บนชั้น ขอยืม |
| 3. |
 หนังสือ สถานะ=หาย | QV766 ย248 2540 ฉ.3 Barcode: 014128 | หนังสือทั่วไป | บนชั้น ขอยืม |
รายการใกล้เคียง
หัวเรื่อง [ยาสมุนไพร] หัวเรื่อง [ยาแผนโบราณ]
|
|
ยังไม่เคยถูกคอมเมนท์
|
| คอมเมนท์ทรัพยากรรายการนี้ |
|